| 000 | 00385nam a2200157Ia 4500 | ||
|---|---|---|---|
| 008 | 210210b2000 xxu||||| |||| 00| 0 eng d | ||
| 020 | _a81 272 1897 9 | ||
| 082 | _a635.8 VIJM | ||
| 100 | _aVIJAYAKHADER. | ||
| 245 | _aMushrooms for livelyhood. | ||
| 260 |
_aLudhiana _bKalyani Publishers _c2000 |
||
| 300 | _a64 | ||
| 650 | _aMushrooms | ||
| 690 | _aAgriculture | ||
| 906 | _a060659 | ||
| 999 |
_c107522 _d107522 |
||